Reclaiming African Religions in Trinidad : (Record no. 603633)

MARC details
000 -LEADER
fixed length control field 00507nam a2200193 a 4500
008 - FIXED-LENGTH DATA ELEMENTS--GENERAL INFORMATION
fixed length control field 251215s2003##################000#0#eng##
020 ## - INTERNATIONAL STANDARD BOOK NUMBER
ISBN 9789766401290
082 04 - DEWEY DECIMAL CLASSIFICATION NUMBER
Classification number 299.60729832
Item number HEN
100 1# - MAIN ENTRY--AUTHOR NAME
Personal name Henry, Frances,
245 10 - TITLE STATEMENT
Title Reclaiming African Religions in Trinidad :
260 ## - PUBLICATION, DISTRIBUTION, ETC. (IMPRINT)
Year of publication 2003.
300 ## - PHYSICAL DESCRIPTION
Number of Pages 258 pages
650 #0 - SUBJECT ADDED ENTRY--TOPICAL TERM
Topical Term Literary Criticism.
942 ## - ADDED ENTRY ELEMENTS (KOHA)
Koha item type English Books

No items available.

Find us on the map